Nề kinh tế tri thức

Đã lưu trong:
Sonraí Bibleagrafaíochta
Príomhúdar: Không rõ
Formáid: Leabhar
Teanga:Vietnamese
Foilsithe: TKE 2000
Clibeanna: Cuir Clib Leis
Gan Chlibeanna, Bí ar an gcéad duine leis an taifead seo a chlibeáil!
Thư viện lưu trữ: Mạng thư viện Đại học Đà Nẵng
LEADER 00604nam a2200277 4500
001 000026713
003 772
005 20150325120000.0
008 150325s vm 000 vie
020 |c 35,0000 
040 |a NOTTS 
100 |a Không rõ 
245 |a Nề kinh tế tri thức 
260 |b TKE  |c 2000 
300 |a 215tr. ; 
OWN |a LTT 
999 |a From the UDN01 
TYP |a Monograph 
TYP |a Printed language 
980 |a Mạng thư viện Đại học Đà Nẵng